| 000 | 00498nam a22001937a 4500 | ||
|---|---|---|---|
| 003 | OSt | ||
| 005 | 20170303132102.0 | ||
| 008 | 170303b xxu||||| |||| 00| 0 eng d | ||
| 020 | _a3527405712 | ||
| 040 | _cDDC. | ||
| 082 | _a523.1EIN 2008. | ||
| 100 |
_aEinstein,Albert; _911746 |
||
| 245 | _aCheif Engineer of the Universe. | ||
| 260 |
_aBerlin. _bWiley-VCH; _c2008. |
||
| 300 |
_a255p; _bill: _c28cm. |
||
| 504 | _aincludes bibliography. | ||
| 650 |
_aEngineering. _9373 |
||
| 942 |
_2ddc _cO_SHELF |
||
| 999 |
_c5631 _d5631 |
||